| 000 -LEADER |
| fixed length control field |
02423cam a22005894a 4500 |
| 001 - CONTROL NUMBER |
| control field |
14518057 |
| 005 - DATE AND TIME OF LATEST TRANSACTION |
| control field |
20200225141515.0 |
| 008 - FIXED-LENGTH DATA ELEMENTS--GENERAL INFORMATION |
| fixed length control field |
060822s2007 njua bf 001 0 eng |
| 010 ## - LIBRARY OF CONGRESS CONTROL NUMBER |
| LC control number |
2006027614 |
| 015 ## - NATIONAL BIBLIOGRAPHY NUMBER |
| National bibliography number |
GBA714130 |
| Source |
bnb |
| 016 7# - NATIONAL BIBLIOGRAPHIC AGENCY CONTROL NUMBER |
| Record control number |
101285590 |
| Source |
DNLM |
| 016 7# - NATIONAL BIBLIOGRAPHIC AGENCY CONTROL NUMBER |
| Record control number |
013678005 |
| Source |
Uk |
| 020 ## - INTERNATIONAL STANDARD BOOK NUMBER |
| International Standard Book Number |
0471771708 (cloth : alk. paper) |
| 020 ## - INTERNATIONAL STANDARD BOOK NUMBER |
| International Standard Book Number |
9780471771708 (hbk.) |
| 035 ## - SYSTEM CONTROL NUMBER |
| System control number |
(OCoLC)ocm71223051 |
| 035 ## - SYSTEM CONTROL NUMBER |
| System control number |
(OCoLC)71223051 |
| 040 ## - CATALOGING SOURCE |
| Original cataloging agency |
DNLM/DLC |
| Transcribing agency |
DLC |
| Modifying agency |
NLM |
| -- |
BAKER |
| -- |
UKM |
| -- |
BTCTA |
| -- |
C#P |
| -- |
YDXCP |
| -- |
NLGGC |
| -- |
NOR |
| -- |
TSU |
| -- |
OCLCQ |
| -- |
DLC |
| 041 ## - LANGUAGE CODE |
| Language code of text/sound track or separate title |
eng |
| 042 ## - AUTHENTICATION CODE |
| Authentication code |
pcc |
| 050 00 - LIBRARY OF CONGRESS CALL NUMBER |
| Classification number |
RC952.55 |
| Item number |
.H395 2007 |
| 060 00 - NATIONAL LIBRARY OF MEDICINE CALL NUMBER |
| Classification number |
2007 F-853 |
| 060 10 - NATIONAL LIBRARY OF MEDICINE CALL NUMBER |
| Classification number |
WT 104 |
| Item number |
H2343 2007 |
| 080 ## - UNIVERSAL DECIMAL CLASSIFICATION NUMBER |
| Universal Decimal Classification number |
612.6(075.8) H-22 |
| 082 00 - DEWEY DECIMAL CLASSIFICATION NUMBER |
| Classification number |
618.97 |
| Edition number |
22 |
| 084 ## - OTHER CLASSIFICATION NUMBER |
| Classification number |
44.68 |
| Number source |
bcl |
| 245 00 - TITLE STATEMENT |
| Title |
Handbook of gerontology : |
| Remainder of title |
evidence-based approaches to theory, practice, and policy / |
| Statement of responsibility, etc. |
edited by James A. Blackburn, Catherine N. Dulmus. |
| 264 ## - PRODUCTION, PUBLICATION, DISTRIBUTION, MANUFACTURE, AND COPYRIGHT NOTICE |
| Place of production, publication, distribution, manufacture |
Hoboken, N.J. : |
| Name of producer, publisher, distributor, manufacturer |
Wiley, |
| Date of production, publication, distribution, manufacture, or copyright notice |
c2007. |
| 300 ## - PHYSICAL DESCRIPTION |
| Extent |
xii, 588 p. : |
| Other physical details |
ill. ; |
| Dimensions |
26 cm. |
| 504 ## - BIBLIOGRAPHY, ETC. NOTE |
| Bibliography, etc. note |
Includes bibliographical references and indexes. |
| 505 00 - FORMATTED CONTENTS NOTE |
| Statement of responsibility |
Masahiro Shigeta |
| Miscellaneous information |
and |
| 505 00 - FORMATTED CONTENTS NOTE |
| Title |
Global challenges for an aging population / |
| Statement of responsibility |
Jeanette C. Takamura -- |
| Title |
Author index -- |
| -- |
Subject index. |
| 650 #0 - SUBJECT ADDED ENTRY--TOPICAL TERM |
| Topical term or geographic name entry element |
Geriatrics |
| Form subdivision |
Handbooks, manuals, etc. |
| 9 (RLIN) |
7414 |
| 650 #0 - SUBJECT ADDED ENTRY--TOPICAL TERM |
| Topical term or geographic name entry element |
Gerontology |
| Form subdivision |
Handbooks, manuals, etc. |
| 9 (RLIN) |
7415 |
| 650 #0 - SUBJECT ADDED ENTRY--TOPICAL TERM |
| Topical term or geographic name entry element |
Evidence-based medicine |
| Form subdivision |
Handbooks, manuals, etc. |
| 9 (RLIN) |
7416 |
| 650 12 - SUBJECT ADDED ENTRY--TOPICAL TERM |
| Topical term or geographic name entry element |
Aging |
| General subdivision |
physiology. |
| 9 (RLIN) |
7417 |
| 650 12 - SUBJECT ADDED ENTRY--TOPICAL TERM |
| Topical term or geographic name entry element |
Aging |
| General subdivision |
psychology. |
| 9 (RLIN) |
7418 |
| 650 22 - SUBJECT ADDED ENTRY--TOPICAL TERM |
| Topical term or geographic name entry element |
Geriatrics |
| General subdivision |
methods. |
| 9 (RLIN) |
7419 |
| 650 22 - SUBJECT ADDED ENTRY--TOPICAL TERM |
| Topical term or geographic name entry element |
Health Policy. |
| 9 (RLIN) |
7420 |
| 650 22 - SUBJECT ADDED ENTRY--TOPICAL TERM |
| Topical term or geographic name entry element |
Health Services for the Aged. |
| 9 (RLIN) |
7421 |
| 653 ## - INDEX TERM--UNCONTROLLED |
| keyword |
გერონტოლოგია |
| 653 ## - INDEX TERM--UNCONTROLLED |
| keyword |
გერიატრიკა |
| 653 ## - INDEX TERM--UNCONTROLLED |
| keyword |
დაბერება |
| 700 1# - ADDED ENTRY--PERSONAL NAME |
| Personal name |
Blackburn, James A., |
| Titles and other words associated with a name |
Ph. D. |
| Relator term |
ავტორი |
| 9 (RLIN) |
7422 |
| 700 1# - ADDED ENTRY--PERSONAL NAME |
| Personal name |
Dulmus, Catherine N. |
| Relator term |
ავტორი |
| 9 (RLIN) |
7423 |
| 856 41 - ELECTRONIC LOCATION AND ACCESS |
| Materials specified |
Table of contents only |
| Uniform Resource Identifier |
http://www.loc.gov/catdir/toc/ecip0619/2006027614.html |
| 856 42 - ELECTRONIC LOCATION AND ACCESS |
| Materials specified |
Contributor biographical information |
| Uniform Resource Identifier |
http://www.loc.gov/catdir/enhancements/fy0740/2006027614-b.html |
| 856 42 - ELECTRONIC LOCATION AND ACCESS |
| Materials specified |
Publisher description |
| Uniform Resource Identifier |
http://www.loc.gov/catdir/enhancements/fy0740/2006027614-d.html |
| 906 ## - LOCAL DATA ELEMENT F, LDF (RLIN) |
| a |
7 |
| b |
cbc |
| c |
orignew |
| d |
1 |
| e |
ecip |
| f |
20 |
| g |
y-gencatlg |
| 936 ## - OCLC/CONSER MISCELLANEOUS DATA (OCLC); PIECE USED FOR CATALOGING (pre-AACR2) (RLIN) |
| OCLC control number(s) of parallel record(s) (OCLC); Piece used for cataloging, PUC (RLIN) |
PR 174100038 |
| 942 ## - ADDED ENTRY ELEMENTS (KOHA) |
| Source of classification or shelving scheme |
|
| Koha item type |
წიგნი |